000 00524nam a2200193Ia 4500
003 LDD
008 181029s9999 xx 000 0 und d
020 _a8173191719
_c110.00
040 _cLDD
100 _aAmarnath,T.
245 3 _aAn Elementary course in PDEs
_cT. Amarnath
260 _aNew Delhi
_bNarosa
_c1997
300 _ax, 135
365 _b110.00
901 _a1116
_b18-11-1997
902 _a38353
_b03-12-1997
_cF
_dHBA
_e51
903 _aDiscount-10
_bReqst by : S. Venkataraman
942 _2ddc
_cBK
999 _c57553
_d57553